[Event "Benidorm 2015 - sub2300"]
[Site "Benidorm ESP"]
[Date "2015.11.28"]
[Round "1.1"]
[White "Amdouni, Zoubaier"]
[Black "Tocco, Paolo"]
[Result "1-0"]
[WhiteElo "2299"]
[BlackElo "2123"]
[PlyCount "89"]
[EventDate "2015.11.28"]
[EventType "swiss"]
[EventRounds "10"]
[EventCountry "ESP"]
[Source "lmi"]
[SourceDate "2015.11.28"]

1. e4 e5 2. d4 exd4 3. Qxd4 Nc6 4. Qe3 Nb4 5. Na3 Qe7 6. c3 Nc6 7. Nb5 d6 8.
Nf3 Nf6 9. Bd3 Ng4 10. Qg5 f6 11. Qd5 Nce5 12. Nxe5 dxe5 13. Be2 c6 14. Qd1
cxb5 15. Bxg4 Bxg4 16. Qxg4 Qd7 17. Qh5+ g6 18. Qe2 Bc5 19. O-O O-O 20. a4 a6
21. axb5 Qxb5 22. Qxb5 axb5 23. Rxa8 Rxa8 24. b4 Be7 25. Rd1 Ra1 26. Kf1 f5 27.
Ke2 fxe4 28. Rd7 Rxc1 29. Rxe7 Rc2+ 30. Ke1 Rxc3 31. Rxe5 Rc4 32. Rxb5 Kg7 33.
Rxb7+ Kf6 34. b5 Rb4 35. Kd2 Ke5 36. Kc3 Rb1 37. Kc4 Rc1+ 38. Kb4 Rf1 39. Re7+
Kd4 40. Rd7+ Ke5 41. Rd2 Rb1+ 42. Kc5 g5 43. b6 h5 44. Rc2 h4 45. h3 1-0

[Event "Benidorm 2015 - sub2300"]
[Site "Benidorm ESP"]
[Date "2015.11.28"]
[Round "1.2"]
[White "Kolotilina, Liudmila"]
[Black "Tello Nunez, Alejandro"]
[Result "1-0"]
[WhiteElo "2122"]
[BlackElo "2295"]
[PlyCount "77"]
[EventDate "2015.11.28"]
[EventType "swiss"]
[EventRounds "10"]
[EventCountry "ESP"]
[Source "lmi"]
[SourceDate "2015.11.28"]

1. e4 c5 2. Nf3 d6 3. d4 cxd4 4. Nxd4 Nf6 5. Nc3 g6 6. Be3 Bg7 7. f3 O-O 8. Qd2
Nc6 9. g4 Nxd4 10. Bxd4 Be6 11. O-O-O Qa5 12. a3 Rfc8 13. h4 Rab8 14. Kb1 b5
15. Nd5 Qxd2 16. Rxd2 Nxd5 17. exd5 Bxd4 18. Rxd4 Bd7 19. h5 a5 20. c3 e5 21.
dxe6 Bxe6 22. hxg6 hxg6 23. Bd3 Rb6 24. f4 Bxg4 25. Rg1 f5 26. Rd5 Rc5 27. Rd4
Kf7 28. Rh1 Kg7 29. Re1 g5 30. fxg5 Re5 31. Rh1 Bf3 32. Rh6 Bd5 33. Kc2 Be6 34.
Kd2 Kf7 35. Rf6+ Ke7 36. Rh4 Bc4 37. Rh7+ Ke8 38. Bxf5 Re7 39. Rh8+ 1-0

[Event "Benidorm 2015 - sub2300"]
[Site "Benidorm ESP"]
[Date "2015.11.28"]
[Round "1.5"]
[White "Torres Sanchez, Jose"]
[Black "Jordan Martinez, David"]
[Result "1-0"]
[WhiteElo "2288"]
[BlackElo "2118"]
[PlyCount "83"]
[EventDate "2015.11.28"]
[EventType "swiss"]
[EventRounds "10"]
[EventCountry "ESP"]
[Source "lmi"]
[SourceDate "2015.11.28"]

1. d4 Nf6 2. Bg5 Ne4 3. Bf4 e6 4. f3 Bd6 5. Bxd6 Nxd6 6. e4 f5 7. e5 Nf7 8. f4
O-O 9. Nf3 d6 10. exd6 cxd6 11. Nc3 Nd7 12. Bc4 d5 13. Bb3 Nf6 14. O-O Bd7 15.
Qe2 Qb6 16. a4 Rac8 17. a5 Qb4 18. Qd2 Kh8 19. Na4 Qxd2 20. Nxd2 Bxa4 21. Rxa4
Nd6 22. c4 dxc4 23. Nxc4 Nxc4 24. Bxc4 Nd5 25. Bxd5 exd5 26. Rb4 Rf7 27. Re1 g6
28. Rb5 Rd7 29. Rc5 Rxc5 30. dxc5 Kg7 31. Kf2 Kf6 32. Re8 d4 33. Ke2 d3+ 34.
Kd2 Rd4 35. Rb8 Rd7 36. b4 Ke6 37. Ra8 Rd4 38. b5 Rb4 39. c6 bxc6 40. b6 axb6
41. a6 Ra4 42. a7 1-0

[Event "Benidorm 2015 - sub2300"]
[Site "Benidorm ESP"]
[Date "2015.11.28"]
[Round "1.7"]
[White "Rodriguez Melendez, Juan Humbe"]
[Black "Suarez Uriel, Adrian"]
[Result "0-1"]
[WhiteElo "2105"]
[BlackElo "2278"]
[PlyCount "69"]
[EventDate "2015.11.28"]
[EventType "swiss"]
[EventRounds "10"]
[EventCountry "ESP"]
[Source "lmi"]
[SourceDate "2015.11.28"]

1. e4 d6 2. d4 Nf6 3. Nc3 e5 4. dxe5 dxe5 5. Qxd8+ Kxd8 6. Bc4 Ke8 7. Nf3 Bd6
8. Bg5 Nbd7 9. O-O h6 10. Be3 Ng4 11. Bd2 Nb6 12. Bb3 c5 13. Nb5 Bb8 14. Ba5
Bd7 15. c4 Ke7 16. a4 Rc8 17. Rfe1 Bc6 18. Bd2 Rd8 19. a5 Nc8 20. Nc3 Nf6 21.
Be3 b6 22. Bc2 Ke6 23. h3 Nd6 24. Nd2 Bc7 25. Nd5 Nfe8 26. f4 exf4 27. Bxf4
bxa5 28. Nxc7+ Nxc7 29. Rxa5 g5 30. Be3 Nb7 31. Ra3 Ke5 32. Nb3 Ne6 33. Ra6 Be8
34. Na5 Nxa5 35. Rxa5 0-1

[Event "Benidorm 2015 - sub2300"]
[Site "Benidorm ESP"]
[Date "2015.11.28"]
[Round "1.8"]
[White "Perez Garcia, Alejandro"]
[Black "Santos, Jeovani Amaro Dias"]
[Result "1-0"]
[WhiteElo "2275"]
[BlackElo "2102"]
[PlyCount "99"]
[EventDate "2015.11.28"]
[EventType "swiss"]
[EventRounds "10"]
[EventCountry "ESP"]
[Source "lmi"]
[SourceDate "2015.11.28"]

1. c4 d6 2. d4 e5 3. d5 f5 4. e4 Nf6 5. Nc3 Be7 6. Bd3 fxe4 7. Nxe4 Nbd7 8. Ng5
Nf8 9. Ne2 h6 10. Ne4 Bg4 11. Qc2 N8d7 12. N2g3 O-O 13. h3 Bh5 14. Nxh5 Nxh5
15. g3 c6 16. Be3 cxd5 17. cxd5 Qa5+ 18. Qc3 Qxc3+ 19. Nxc3 a6 20. Ke2 Nhf6 21.
Rac1 Bd8 22. Bf5 Re8 23. Rc2 Nf8 24. f3 g6 25. Bd3 Kg7 26. Rhc1 N8d7 27. Ne4
Nxe4 28. Bxe4 Nf6 29. b4 Rf8 30. h4 Nxe4 31. fxe4 Rf7 32. Rc8 Rxc8 33. Rxc8 Rd7
34. a4 h5 35. Kd3 Kf7 36. b5 axb5 37. axb5 Ba5 38. b6 Be1 39. Bg5 Bf2 40. Bd8
Bxg3 41. Rb8 Bf2 42. Bc7 Ke7 43. Rxb7 Bxb6 44. Bxd6+ Kxd6 45. Rxb6+ Kc5 46.
Rc6+ Kb4 47. Re6 Rc7 48. Rxe5 Rc3+ 49. Kd4 Rc1 50. Rg5 1-0

[Event "Benidorm 2015 - sub2300"]
[Site "Benidorm ESP"]
[Date "2015.11.28"]
[Round "1.9"]
[White "Martin Catalan, Juan Vicente"]
[Black "Bomans, Arno"]
[Result "0-1"]
[WhiteElo "2097"]
[BlackElo "2272"]
[PlyCount "56"]
[EventDate "2015.11.28"]
[EventType "swiss"]
[EventRounds "10"]
[EventCountry "ESP"]
[Source "lmi"]
[SourceDate "2015.11.28"]

1. d4 f5 2. Nf3 Nf6 3. c4 g6 4. h4 Bg7 5. h5 Nxh5 6. Rxh5 gxh5 7. e4 fxe4 8.
Ng5 O-O 9. Qxh5 h6 10. Nxe4 Qe8 11. Qh4 Qg6 12. Nbc3 Nc6 13. Be3 d6 14. O-O-O
Bf5 15. Be2 e5 16. dxe5 dxe5 17. Ng3 Nd4 18. Bf1 c6 19. Rd2 Qf6 20. Qh2 Qg6 21.
Nh5 Bh8 22. Ng3 Rad8 23. c5 Be6 24. Bd3 Nb3+ 25. axb3 Rxd3 26. Rxd3 Qxd3 27.
Qxh6 Bxb3 28. Qg5+ Bg7 0-1

[Event "Benidorm 2015 - sub2300"]
[Site "Benidorm ESP"]
[Date "2015.11.28"]
[Round "1.10"]
[White "Garcia Jimenez, Francisco Javier"]
[Black "Knors, Rudi"]
[Result "1-0"]
[WhiteElo "2270"]
[BlackElo "2096"]
[PlyCount "75"]
[EventDate "2015.11.28"]
[EventType "swiss"]
[EventRounds "10"]
[EventCountry "ESP"]
[Source "lmi"]
[SourceDate "2015.11.28"]

1. e4 c5 2. Nc3 e6 3. Nge2 Nc6 4. g3 Nf6 5. Bg2 a6 6. a4 Qc7 7. O-O d6 8. h3
Be7 9. d3 O-O 10. f4 Rb8 11. g4 b5 12. axb5 axb5 13. Ng3 Nd7 14. Nce2 Bb7 15.
Be3 Ra8 16. Qd2 Rxa1 17. Rxa1 Ra8 18. Rxa8+ Bxa8 19. c3 Qa5 20. g5 b4 21. h4
Qa2 22. f5 Nce5 23. cxb4 Qb1+ 24. Nc1 c4 25. fxe6 fxe6 26. d4 Nd3 27. Kh2 Nxb2
28. Nce2 Nd3 29. Nf4 Nxf4 30. Bxf4 Qb3 31. d5 exd5 32. exd5 Qd3 33. Qe1 Ne5 34.
Bxe5 Bxd5 35. Bxd5+ Qxd5 36. Bxg7 Qf7 37. Bd4 d5 38. Qe5 1-0

[Event "Benidorm 2015 - sub2300"]
[Site "Benidorm ESP"]
[Date "2015.11.28"]
[Round "1.11"]
[White "Lamas Mercadal, Manuel"]
[Black "Dinu, Dumitru-Daniel"]
[Result "1/2-1/2"]
[WhiteElo "2090"]
[BlackElo "2268"]
[PlyCount "45"]
[EventDate "2015.11.28"]
[EventType "swiss"]
[EventRounds "10"]
[EventCountry "ESP"]
[Source "lmi"]
[SourceDate "2015.11.28"]

1. e4 c5 2. d4 cxd4 3. c3 d3 4. Bxd3 Nc6 5. c4 g6 6. Nf3 Bg7 7. O-O d6 8. h3
Nf6 9. Nc3 O-O 10. Be3 b6 11. Rc1 Bb7 12. Qe2 e6 13. Rfd1 Qe7 14. Bb1 Rfd8 15.
a3 Na5 16. Nd2 d5 17. exd5 exd5 18. cxd5 Nxd5 19. Nxd5 Bxd5 20. b4 Nb3 21. Nxb3
Bxb3 22. Rxd8+ Rxd8 23. Ba2 1/2-1/2

[Event "Benidorm 2015 - sub2300"]
[Site "Benidorm ESP"]
[Date "2015.11.28"]
[Round "1.12"]
[White "Garcia, Eduardo"]
[Black "Sabater Sanchez, Asensio"]
[Result "1-0"]
[WhiteElo "2260"]
[BlackElo "2086"]
[PlyCount "49"]
[EventDate "2015.11.28"]
[EventType "swiss"]
[EventRounds "10"]
[EventCountry "ESP"]
[Source "lmi"]
[SourceDate "2015.11.28"]

1. c4 Nf6 2. Nc3 d5 3. cxd5 Nxd5 4. Nf3 Nxc3 5. bxc3 g6 6. d4 Bg7 7. e3 O-O 8.
Bc4 c5 9. O-O Qc7 10. Qe2 Nc6 11. Rd1 e5 12. d5 Na5 13. d6 Qd7 14. Bd5 Rb8 15.
e4 h6 16. a4 b6 17. Bxh6 Bxh6 18. Nxe5 Qd8 19. Nxg6 Re8 20. Qh5 Qg5 21. Bxf7+
Kxf7 22. Ne5+ Kf6 23. Qf7+ Kxe5 24. Rd5+ Kxe4 25. Qf3# 1-0

[Event "Benidorm 2015 - sub2300"]
[Site "Benidorm ESP"]
[Date "2015.11.28"]
[Round "1.13"]
[White "Mataix Arbona, Cesar"]
[Black "Cano Gimenez, Vicente"]
[Result "0-1"]
[WhiteElo "2085"]
[BlackElo "2254"]
[PlyCount "104"]
[EventDate "2015.11.28"]
[EventType "swiss"]
[EventRounds "10"]
[EventCountry "ESP"]
[Source "lmi"]
[SourceDate "2015.11.28"]

1. d4 g6 2. Nf3 Bg7 3. Bf4 Nf6 4. e3 c5 5. c3 b6 6. Bd3 Bb7 7. Nbd2 O-O 8. O-O
d6 9. Qe2 Nc6 10. a4 Re8 11. Bg5 h6 12. Bh4 Qc7 13. Ne4 Nxe4 14. Bxe4 e5 15.
dxe5 dxe5 16. Qc2 f5 17. Bd5+ Kh8 18. Rad1 Na5 19. Bg3 f4 20. Nh4 Bxd5 21.
Nxg6+ Kg8 22. Rxd5 fxg3 23. hxg3 Rad8 24. Rfd1 Nc6 25. e4 Ne7 26. Nxe7+ Qxe7
27. Qd3 Rxd5 28. Qxd5+ Qf7 29. Qc6 Bf8 30. Rd7 Re7 31. Rxe7 Qxe7 32. Qg6+ Kh8
33. f4 Qg7 34. Qe8 Qf6 35. fxe5 Qe7 36. Qc8 Kg7 37. Qf5 Qf7 38. g4 Be7 39. Kf2
c4 40. Kf3 Bg5 41. e6 Qf6 42. e5 Qe7 43. Ke4 Qc7 44. Kd5 Qc5+ 45. Ke4 Qe7 46.
Kd5 Qc7 47. Ke4 a6 48. Qf2 Qc6+ 49. Kf5 Qd5 50. e7 Kf7 51. e8=Q+ Kxe8 52. Qxb6
Qd3+ 0-1

[Event "Benidorm 2015 - sub2300"]
[Site "Benidorm ESP"]
[Date "2015.11.28"]
[Round "1.14"]
[White "Ibanez Aullana, Ramon"]
[Black "Orantes Taboada, Francisco"]
[Result "1-0"]
[WhiteElo "2252"]
[BlackElo "2085"]
[PlyCount "53"]
[EventDate "2015.11.28"]
[EventType "swiss"]
[EventRounds "10"]
[EventCountry "ESP"]
[Source "lmi"]
[SourceDate "2015.11.28"]

1. c4 Nf6 2. Nc3 d5 3. cxd5 Nxd5 4. g3 g6 5. Bg2 Nb6 6. Nf3 Bg7 7. O-O O-O 8.
d4 Nc6 9. d5 Na5 10. Qc2 Nac4 11. Rd1 Bf5 12. e4 Bg4 13. h3 Bd7 14. a4 a5 15.
b3 Ne5 16. Ne1 f6 17. f4 Nf7 18. Be3 Qc8 19. Kh2 e5 20. dxe6 Bxe6 21. Rac1 Nd8
22. Nb5 Nc6 23. Nf3 f5 24. Ng5 Bd7 25. Bxb6 cxb6 26. Qc4+ Kh8 27. Nd6 1-0

[Event "Benidorm 2015 - sub2300"]
[Site "Benidorm ESP"]
[Date "2015.11.29"]
[Round "2.1"]
[White "Kalashnikov, Alexey L"]
[Black "Amdouni, Zoubaier"]
[Result "1-0"]
[WhiteElo "2192"]
[BlackElo "2299"]
[PlyCount "61"]
[EventDate "2015.11.28"]
[EventType "swiss"]
[EventRounds "10"]
[EventCountry "ESP"]
[Source "lmi"]
[SourceDate "2015.11.28"]

1. e4 e5 2. Nf3 Nc6 3. Bb5 a6 4. Bxc6 dxc6 5. O-O f6 6. d4 exd4 7. Nxd4 c5 8.
Nb3 Qxd1 9. Rxd1 Bd6 10. Be3 b6 11. Nc3 Ne7 12. Nc1 Bb7 13. N1e2 g5 14. f3
O-O-O 15. Bf2 f5 16. exf5 Nxf5 17. Ne4 Be7 18. N2g3 Nh4 19. Be3 Rhg8 20. Rxd8+
Bxd8 21. h3 h6 22. Re1 Rf8 23. Bd2 Nf5 24. Nxf5 Rxf5 25. Bc3 Rf7 26. Kf2 Be7
27. Ng3 Kd7 28. Rd1+ Bd6 29. Ke3 Ke6 30. Ne4 Bf4+ 31. Ke2 1-0

[Event "Benidorm 2015 - sub2300"]
[Site "Benidorm ESP"]
[Date "2015.11.29"]
[Round "2.2"]
[White "Picazo Lopez, Juan Antonio"]
[Black "Remolar Gallen, Jose"]
[Result "1/2-1/2"]
[WhiteElo "2191"]
[BlackElo "2292"]
[PlyCount "64"]
[EventDate "2015.11.28"]
[EventType "swiss"]
[EventRounds "10"]
[EventCountry "ESP"]
[Source "lmi"]
[SourceDate "2015.11.28"]

1. d4 Nf6 2. c4 g6 3. Nc3 Bg7 4. e4 d6 5. Be2 O-O 6. Nf3 Bg4 7. d5 Re8 8. Nd2
Bxe2 9. Qxe2 e6 10. O-O exd5 11. cxd5 Nbd7 12. Rb1 a6 13. a4 Qe7 14. Re1 Nh5
15. Nc4 b6 16. f3 Nc5 17. Be3 Qd7 18. a5 b5 19. Nd2 f5 20. Rbc1 Qe7 21. b4 Nd7
22. Nd1 Qd8 23. Qd3 Be5 24. Nf1 fxe4 25. fxe4 Rf8 26. Nf2 Rc8 27. Qd2 Bf4 28.
Nd3 Bxe3+ 29. Qxe3 Qf6 30. Rc2 Ne5 31. Nxe5 Qxe5 32. Nd2 Nf6 1/2-1/2

[Event "Benidorm 2015 - sub2300"]
[Site "Benidorm ESP"]
[Date "2015.11.29"]
[Round "2.3"]
[White "Ustianovich, Nazar"]
[Black "Nieves Cabanes, Javier"]
[Result "1-0"]
[WhiteElo "2290"]
[BlackElo "2190"]
[PlyCount "121"]
[EventDate "2015.11.28"]
[EventType "swiss"]
[EventRounds "10"]
[EventCountry "ESP"]
[Source "lmi"]
[SourceDate "2015.11.28"]

1. Nf3 Nf6 2. c4 e6 3. g3 b6 4. Bg2 Bb7 5. d4 Be7 6. O-O O-O 7. Re1 c5 8. d5
exd5 9. Nh4 Ne4 10. cxd5 Bxh4 11. Bxe4 Bf6 12. Qc2 h6 13. Nc3 d6 14. Bf4 Qe7
15. Bg2 Nd7 16. e4 a6 17. Nd1 Ne5 18. Ne3 Qc7 19. Rad1 Ng6 20. Ng4 Be7 21. Bc1
Bc8 22. Ne3 Bd7 23. f4 Rac8 24. e5 dxe5 25. f5 Nh8 26. d6 Bxd6 27. Qd2 Ba4 28.
b3 Bxb3 29. axb3 Rfd8 30. Nd5 Qb8 31. f6 Bf8 32. fxg7 Bxg7 33. Qf2 Qd6 34. Bh3
Rc6 35. Nb4 Qxd1 36. Nxc6 Qh5 37. Nxd8 Qxh3 38. Rd1 e4 39. Be3 Qh5 40. Rd7 Qg4
41. Rd5 a5 42. Kg2 c4 43. bxc4 a4 44. Nc6 Ng6 45. Nd4 Nh4+ 46. Kf1 Qd1+ 47. Qe1
Qd3+ 48. Qe2 Qb1+ 49. Kf2 Nf3 50. Rd8+ Bf8 51. Nxf3 exf3 52. Qxf3 Qc2+ 53. Qe2
Qf5+ 54. Kg1 Kg7 55. Bd4+ f6 56. Rd5 Qc8 57. Qf3 Be7 58. Qe4 Kf8 59. Be3 a3 60.
Bxh6+ Kf7 61. Qh7+ 1-0

[Event "Benidorm 2015 - sub2300"]
[Site "Benidorm ESP"]
[Date "2015.11.29"]
[Round "2.4"]
[White "Roig Aguilar, Alejandro"]
[Black "Torres Sanchez, Jose"]
[Result "1-0"]
[WhiteElo "2185"]
[BlackElo "2288"]
[PlyCount "74"]
[EventDate "2015.11.28"]
[EventType "swiss"]
[EventRounds "10"]
[EventCountry "ESP"]
[Source "lmi"]
[SourceDate "2015.11.28"]

1. d4 Nf6 2. c4 e6 3. Nc3 Bb4 4. g3 d5 5. Bg2 O-O 6. Nf3 dxc4 7. O-O Nc6 8. a3
Be7 9. e4 Rb8 10. Bf4 Na5 11. Qe2 a6 12. Rad1 Nh5 13. Be3 Nf6 14. d5 Nxe4 15.
Nxe4 exd5 16. Rfe1 c6 17. Bf4 Ra8 18. Neg5 Bf6 19. Qc2 g6 20. Ne4 Bg7 21. Be5
f6 22. Bc3 Nb3 23. Bb4 Bf5 24. Nh4 Bxe4 25. Rxe4 b5 26. Bxf8 Qxf8 27. Re6 Rd8
28. Bf1 Qc5 29. Qe2 Nd4 30. Rxd4 Qxd4 31. Re7 Qc5 32. Qe6+ Kh8 33. Qf7 Rg8 34.
Bh3 f5 35. Bxf5 Qd4 36. Nxg6+ hxg6 37. Qxg6 Ra8 1-0

[Event "Benidorm 2015 - sub2300"]
[Site "Benidorm ESP"]
[Date "2015.11.29"]
[Round "2.5"]
[White "Buenafe Moya, Javier"]
[Black "Gomez Dieguez, David"]
[Result "1-0"]
[WhiteElo "2287"]
[BlackElo "2179"]
[PlyCount "65"]
[EventDate "2015.11.28"]
[EventType "swiss"]
[EventRounds "10"]
[EventCountry "ESP"]
[Source "lmi"]
[SourceDate "2015.11.28"]

1. c4 Nf6 2. Nc3 c5 3. g3 g6 4. Bg2 Bg7 5. Rb1 Nc6 6. a3 O-O 7. b4 cxb4 8. axb4
a6 9. Nf3 b5 10. cxb5 axb5 11. O-O Rb8 12. d4 e6 13. Bf4 d6 14. d5 exd5 15.
Nxd5 Bf5 16. Rc1 Nxd5 17. Qxd5 Nxb4 18. Qd2 Na6 19. Bxd6 Qb6 20. Bxf8 Rxf8 21.
Nh4 b4 22. Nxf5 gxf5 23. Rc6 Qa5 24. Qd6 Nb8 25. Rb6 Nd7 26. Rxb4 Be5 27. Qd2
Kh8 28. Rfb1 Nf6 29. Qd3 f4 30. gxf4 Bc7 31. Rb5 Qa4 32. Qf5 Bd8 33. Rb8 1-0

[Event "Benidorm 2015 - sub2300"]
[Site "Benidorm ESP"]
[Date "2015.11.29"]
[Round "2.6"]
[White "Sadilek, Peter"]
[Black "Meddeb, Anis"]
[Result "1/2-1/2"]
[WhiteElo "2280"]
[BlackElo "2175"]
[PlyCount "99"]
[EventDate "2015.11.28"]
[EventType "swiss"]
[EventRounds "10"]
[EventCountry "ESP"]
[Source "lmi"]
[SourceDate "2015.11.28"]

1. d4 Nf6 2. c4 g6 3. Nc3 Bg7 4. e4 d6 5. Nf3 O-O 6. Be2 Nc6 7. O-O Bg4 8. Be3
Bxf3 9. Bxf3 e5 10. d5 Ne7 11. c5 Ne8 12. a4 f5 13. b4 f4 14. Bd2 Kh8 15. Nb5
a6 16. cxd6 cxd6 17. Na3 Nf6 18. Nc4 g5 19. h3 Ng6 20. Qe2 Nh4 21. Bg4 Qe7 22.
Ra3 Rad8 23. g3 Ng6 24. Be6 Ne8 25. Rb3 Nc7 26. Bg4 Rf6 27. b5 axb5 28. axb5
Rdf8 29. Rc1 Qf7 30. Bf5 Ne8 31. g4 Nh4 32. Nb6 Rxf5 33. exf5 Nf6 34. Qc4 e4
35. Bb4 h5 36. Bxd6 Re8 37. Qc7 Qg8 38. Be7 Nxd5 39. Nxd5 Qxd5 40. f6 Qxb3 41.
fxg7+ Kg8 42. Qd7 Qf7 43. Rc8 Rxc8 44. Qxc8+ Kxg7 45. Bb4 Qd5 46. Bc3+ Kf7 47.
Qc7+ Ke6 48. Qc8+ Kf7 49. Qc7+ Ke6 50. Qc8+ 1/2-1/2

[Event "Benidorm 2015 - sub2300"]
[Site "Benidorm ESP"]
[Date "2015.11.29"]
[Round "2.7"]
[White "Suarez Uriel, Adrian"]
[Black "Garcia Amoros, Pablo"]
[Result "1-0"]
[WhiteElo "2278"]
[BlackElo "2161"]
[PlyCount "89"]
[EventDate "2015.11.28"]
[EventType "swiss"]
[EventRounds "10"]
[EventCountry "ESP"]
[Source "lmi"]
[SourceDate "2015.11.28"]

1. e4 c5 2. Ne2 d6 3. g3 g6 4. Bg2 Bg7 5. c3 Nf6 6. d4 O-O 7. O-O Qc7 8. h3 e5
9. Be3 b6 10. Nd2 Ba6 11. Re1 Nc6 12. Qa4 Nb8 13. Rac1 Nfd7 14. Kh2 b5 15. Qa3
Bb7 16. dxc5 Nxc5 17. c4 b4 18. Qxb4 Nd3 19. Qa3 Nxe1 20. Rxe1 Nd7 21. Nc3 a6
22. Nb3 Rac8 23. Rd1 Nb6 24. Bf1 Nxc4 25. Bxc4 Qxc4 26. Rxd6 Rfd8 27. Na5 Qc7
28. Rb6 Ba8 29. Rxa6 Bf8 30. Qa4 Bc5 31. Nc4 Bd4 32. Nb6 Bc6 33. Qa3 Rb8 34.
Nbd5 Bxd5 35. Nxd5 Qc2 36. Bxd4 exd4 37. Qf3 Rxb2 38. Nf6+ Kh8 39. Ng4 f5 40.
Qf4 Qxe4 41. Qc7 Rdb8 42. Ra7 R2b7 43. Rxb7 Rxb7 44. Qd8+ Kg7 45. Qf6+ 1-0

[Event "Benidorm 2015 - sub2300"]
[Site "Benidorm ESP"]
[Date "2015.11.29"]
[Round "2.8"]
[White "Machlik, Monika"]
[Black "Perez Garcia, Alejandro"]
[Result "0-1"]
[WhiteElo "2176"]
[BlackElo "2275"]
[PlyCount "66"]
[EventDate "2015.11.28"]
[EventType "swiss"]
[EventRounds "10"]
[EventCountry "ESP"]
[Source "lmi"]
[SourceDate "2015.11.28"]

1. d4 Nf6 2. c4 d6 3. Nc3 Bf5 4. Nf3 g6 5. g3 Ne4 6. Bg2 Nxc3 7. bxc3 Be4 8.
O-O Bg7 9. Re1 O-O 10. e3 b6 11. a4 Nc6 12. Bf1 Na5 13. Nd2 Bc6 14. Nb3 Nb7 15.
e4 Qe8 16. Nd2 Na5 17. Bd3 Rd8 18. Nf1 e5 19. Be3 Qd7 20. Qc2 f5 21. f4 fxe4
22. Bxe4 Bxe4 23. Qxe4 exf4 24. Bxf4 Nxc4 25. Qe7 Qc6 26. Qe6+ Kh8 27. Qh3 Qf3
28. Qe6 Qxc3 29. Rac1 Qxd4+ 30. Kh1 Ne5 31. Rxc7 Rde8 32. Re7 Rxe7 33. Qxe7
Qd5+ 0-1

[Event "Benidorm 2015 - sub2300"]
[Site "Benidorm ESP"]
[Date "2015.11.29"]
[Round "2.9"]
[White "Bomans, Arno"]
[Black "Frasquet Solbes, Elias"]
[Result "1-0"]
[WhiteElo "2272"]
[BlackElo "2154"]
[PlyCount "49"]
[EventDate "2015.11.28"]
[EventType "swiss"]
[EventRounds "10"]
[EventCountry "ESP"]
[Source "lmi"]
[SourceDate "2015.11.28"]

1. e4 d6 2. d4 Nf6 3. Nc3 g6 4. f4 Bg7 5. Nf3 O-O 6. Be3 c6 7. Qd2 b5 8. a3 a6
9. e5 Nd5 10. Nxd5 cxd5 11. Bd3 Bg4 12. Ng5 f6 13. h3 Bd7 14. exf6 exf6 15. Nf3
Nc6 16. f5 Ne7 17. fxg6 hxg6 18. Nh4 Be8 19. O-O f5 20. Nf3 Nc6 21. Bg5 Qd7 22.
Qf2 Bf7 23. Qh4 Rae8 24. Bf4 Be6 25. c3 1-0

[Event "Benidorm 2015 - sub2300"]
[Site "Benidorm ESP"]
[Date "2015.11.29"]
[Round "2.10"]
[White "Gonzalez Custodio, Rafael"]
[Black "Garcia, Eduardo"]
[Result "1-0"]
[WhiteElo "2165"]
[BlackElo "2260"]
[PlyCount "45"]
[EventDate "2015.11.28"]
[EventType "swiss"]
[EventRounds "10"]
[EventCountry "ESP"]
[Source "lmi"]
[SourceDate "2015.11.28"]

1. Nf3 d5 2. g3 c5 3. Bg2 Nc6 4. O-O e5 5. d3 Nf6 6. Nbd2 Be7 7. e4 d4 8. Nh4
O-O 9. Nf5 Re8 10. Nxe7+ Qxe7 11. Nf3 c4 12. Nh4 Qc5 13. Bg5 Nd7 14. Nf5 Nf8
15. dxc4 f6 16. Bd2 Bxf5 17. exf5 e4 18. Qg4 e3 19. fxe3 dxe3 20. Be1 Ne5 21.
Qe2 Nxc4 22. b4 Qd4 23. c3 1-0

[Event "Benidorm 2015 - sub2300"]
[Site "Benidorm ESP"]
[Date "2015.11.29"]
[Round "2.11"]
[White "Cano Gimenez, Vicente"]
[Black "Ballesteros Gonzalez, David"]
[Result "1-0"]
[WhiteElo "2254"]
[BlackElo "2150"]
[PlyCount "119"]
[EventDate "2015.11.28"]
[EventType "swiss"]
[EventRounds "10"]
[EventCountry "ESP"]
[Source "lmi"]
[SourceDate "2015.11.28"]

1. Nf3 Nf6 2. g3 c5 3. Bg2 d5 4. c4 d4 5. b4 cxb4 6. a3 bxa3 7. Bxa3 Nc6 8. O-O
g6 9. d3 Bg7 10. Nbd2 O-O 11. Nb3 Re8 12. Nfd2 Rb8 13. Nc5 Nd7 14. Nde4 b6 15.
Qa4 Qc7 16. Na6 Bxa6 17. Qxa6 h6 18. Rfb1 f5 19. Nd2 e5 20. Bd5+ Kh7 21. c5 Ne7
22. cxb6 Rxb6 23. Rxb6 axb6 24. Rc1 Nc5 25. Qc4 Nxd5 26. Qxd5 Rd8 27. Qc4 Bf8
28. Nb3 Rc8 29. Bxc5 Bxc5 30. Nxc5 bxc5 31. Qe6 Rb8 32. Ra1 Rb6 33. Qd5 Qb7 34.
Qxc5 Rb1+ 35. Rxb1 Qxb1+ 36. Kg2 Qb7+ 37. f3 Qg7 38. Qd6 Kg8 39. Qe6+ Kh7 40.
h4 h5 41. Kh3 Qc7 42. g4 fxg4+ 43. fxg4 Qc1 44. Qe7+ Kg8 45. Qe8+ Kh7 46. Qf7+
Kh8 47. Kg2 Qe1 48. Qe8+ Kh7 49. Qe7+ Kg8 50. Qxe5 hxg4 51. Qe6+ Kh7 52. Qxg4
Qc3 53. h5 Qc6+ 54. Kh2 Qd6+ 55. Kh3 gxh5 56. Qxh5+ Kg7 57. Qf3 Kh6 58. Qe4 Kg7
59. Kg2 Kf7 60. Kf3 1-0

[Event "Benidorm 2015 - sub2300"]
[Site "Benidorm ESP"]
[Date "2015.11.30"]
[Round "3.1"]
[White "Burguete Archel, Eduardo"]
[Black "Ustianovich, Nazar"]
[Result "1/2-1/2"]
[WhiteElo "2219"]
[BlackElo "2290"]
[PlyCount "114"]
[EventDate "2015.11.28"]
[EventType "swiss"]
[EventRounds "10"]
[EventCountry "ESP"]
[Source "lmi"]
[SourceDate "2015.11.28"]

1. d4 d5 2. c4 c6 3. Nf3 Nf6 4. e3 Bf5 5. Nc3 e6 6. Qb3 Qb6 7. c5 Qc7 8. Nh4
Bg6 9. Nxg6 hxg6 10. h3 b6 11. cxb6 axb6 12. Bd2 Nbd7 13. Rc1 Be7 14. Be2 O-O
15. O-O Qa7 16. a4 e5 17. dxe5 Nxe5 18. Rfd1 Rfd8 19. Be1 Bc5 20. Qc2 Qe7 21.
Na2 Bd6 22. b4 Rac8 23. a5 Qb7 24. a6 Qa8 25. b5 cxb5 26. Qb3 Qxa6 27. Bxb5 Qa3
28. Rb1 Qxb3 29. Rxb3 Bc5 30. Bc3 Nc4 31. Nb4 Na5 32. Rbb1 Ne4 33. Be1 d4 34.
exd4 Bxd4 35. Ba6 Rc7 36. Kf1 Rcd7 37. Bb5 Rd6 38. Rdc1 Bc5 39. Rb2 Nd2+ 40.
Bxd2 Rxd2 41. Rxd2 Rxd2 42. Nd3 Nb3 43. Rb1 Nd4 44. Nxc5 bxc5 45. Ke1 Rc2 46.
Bd3 Ra2 47. Rb8+ Kh7 48. Bc4 Ra7 49. Rc8 Re7+ 50. Kf1 Rb7 51. Ke1 Rb1+ 52. Kd2
Rb2+ 53. Ke1 Rb1+ 54. Kd2 Rb2+ 55. Ke1 Nc2+ 56. Kd1 Nd4 57. Ke1 Rb1+ 1/2-1/2

[Event "Benidorm 2015 - sub2300"]
[Site "Benidorm ESP"]
[Date "2015.11.30"]
[Round "3.2"]
[White "Suarez Uriel, Adrian"]
[Black "Hristodorescu, Daniel"]
[Result "1-0"]
[WhiteElo "2278"]
[BlackElo "2222"]
[PlyCount "43"]
[EventDate "2015.11.28"]
[EventType "swiss"]
[EventRounds "10"]
[EventCountry "ESP"]
[Source "lmi"]
[SourceDate "2015.11.28"]

1. e4 c6 2. d4 d5 3. e5 Bf5 4. Be3 e6 5. Nd2 Nd7 6. c3 Qb6 7. b4 a5 8. a3 f6 9.
Be2 fxe5 10. dxe5 Qc7 11. f4 axb4 12. axb4 Rxa1 13. Qxa1 c5 14. Qa8+ Kf7 15. g4
Be4 16. Nxe4 dxe4 17. Nh3 h6 18. O-O cxb4 19. f5 Qxc3 20. fxe6+ Kg6 21. Nf4+
Kh7 22. Nd5 1-0